| 000 | 00718nam a2200217 a 4500 | ||
|---|---|---|---|
| 001 | BRCA_3936 | ||
| 005 | 20190320204501.0 | ||
| 008 | 110110s1942----mx-a######---#000-0#spa-# | ||
| 041 | _aspa | ||
| 044 | _amx | ||
| 050 | 4 |
_aF1391.T68 _b.P38 1942 |
|
| 100 | 1 |
_aToussaint, Manuel _d1895-1955. _910075 |
|
| 245 | 1 | 0 |
_aPatzcuaro _ctexto de Manuel Toussaint ; dibujos de los alumnos de la Escuela de Arquitectura. |
| 260 |
_aMéxico _bUNAM, Instituto de Investigaciones Estéticas y Escuela de Arquitectura _c1942 |
||
| 300 |
_a288 p. _bil., mapa plegable _c30 cm. |
||
| 500 | _aIncluye índice alfabético. | ||
| 500 | _aC87 | ||
| 651 | 4 |
_aPátzcuaro, _vMichoacán _xDescripción _910245 |
|
| 902 | _aGFM | ||
| 942 |
_2lcc _cB |
||
| 999 |
_c3663 _d3663 |
||